Science Quiz

Random Science or Letter Quiz

Lightest and Heaviest Element (A-Z) Quiz Stats

 Plays Quiz Updated May 29, 2019

Score 0/46 Timer 06:00
0 Plays Today
% Correct
Hydrogen
93.3%
Oxygen
87.2%
Carbon
86%
Nitrogen
78.2%
Lithium
76.5%
Xenon
75.1%
Xenon
75.1%
Uranium
74.2%
Uranium
74.2%
Zinc
71%
Beryllium
68.7%
Aluminum
65.9%
Magnesium
65.2%
Fluorine
64.3%
Yttrium
60.7%
Krypton
59.7%
Krypton
59.7%
Einsteinium
59.3%
Vanadium
57.8%
Vanadium
57.8%
Sodium
57.3%
Phosphorus
57.3%
Iron
56.6%
% Correct
Gold
55.7%
Zirconium
52.5%
Ytterbium
51%
Gallium
48.2%
Titanium
44.9%
Plutonium
44.6%
Iridium
38.9%
Americium
37.1%
Oganesson
34.1%
Darmstadtium
29.3%
Bohrium
29.1%
Rubidium
26.8%
Europium
26.4%
Seaborgium
25.2%
Copernicium
24.2%
Dysprosium
24%
Roentgenium
23.9%
Moscovium
23.1%
Tennessine
22%
Hassium
21.7%
Nihonium
20.9%
Livermorium
19.1%
Flerovium
17.5%

You're not logged in!

Compare scores with friends on all Sporcle quizzes.
OR
Log In

Show Comments

Extras

Top Quizzes Today


Score Distribution

Your Account Isn't Verified!

In order to create a playlist on Sporcle, you need to verify the email address you used during registration. Go to your Sporcle Settings to finish the process.

Report this User

Report this user for behavior that violates our Community Guidelines.

Details: